38 Largest Lakes' Countries + the Frozen Continent Quiz Stats

 Plays Quiz not verified by Sporcle

Score 0/60 Timer 04:00
0 Plays Today
Lake Country/Continent % Correct
SuperiorUnited States
98.9%
HuronUnited States
98.9%
MichiganUnited States
98.9%
ErieUnited States
98.9%
OntarioUnited States
98.9%
Great Salt LakeUnited States
98.9%
Lake of the WoodsUnited States
98.9%
SuperiorCanada
97.5%
HuronCanada
97.5%
Great Lake BearCanada
97.5%
Great Slave LakeCanada
97.5%
ErieCanada
97.5%
WinnipegCanada
97.5%
OntarioCanada
97.5%
AthabascaCanada
97.5%
Reindeer LakeCanada
97.5%
WinnipegosisCanada
97.5%
NettillingCanada
97.5%
NipigonCanada
97.5%
ManitobaCanada
97.5%
Lake of the WoodsCanada
97.5%
BaikalRussia
97.2%
LadogaRussia
97.2%
OnegaRussia
97.2%
TaymyrRussia
97.2%
KhankaRussia
97.2%
Caspian SeaRussia
97.2%
Qinghai LakeChina
92.4%
KhankaChina
92.4%
VictoriaKenya
91.9%
Lake Country/Continent % Correct
TurkanaKenya
91.9%
MalawiMalawi
91.3%
VictoriaTanzania
89.6%
TanganyikaTanzania
89.6%
MalawiTanzania
89.6%
Caspian SeaKazakhstan
88.8%
BalkhashKazakhstan
88.8%
VictoriaUganda
88.2%
AlbertUganda
88.2%
TiticacaPeru
86.8%
TanganyikaDemocratic Republic of the Congo
86.5%
UrmiaIran
86.5%
AlbertDemocratic Republic of the Congo
86.5%
MweruDemocratic Republic of the Congo
86.5%
Caspian SeaIran
86.5%
Sarygamysh LakeTurkmenistan
85.4%
Caspian SeaTurkmenistan
85.4%
Caspian SeaAzerbaijan
84.8%
TiticacaBolivia
84.6%
MalawiMozambique
84%
NicaraguaNicaragua
84%
Sarygamysh LakeUzbekistan
81.2%
TanganyikaZambia
80.9%
MweruZambia
80.9%
TanganyikaBurundi
78.1%
TurkanaEthiopia
77.8%
SaimaaFinland
71.6%
Issyk-KulKyrgyzstan
70.5%
VanernSweden
61.2%
VostokAntarctica
57.9%

You're not logged in!

Compare scores with friends on all Sporcle quizzes.
OR
Log In

Show Comments

Extras

Top Quizzes Today


Score Distribution

Your Account Isn't Verified!

In order to create a playlist on Sporcle, you need to verify the email address you used during registration. Go to your Sporcle Settings to finish the process.

Report this User

Report this user for behavior that violates our Community Guidelines.

Details: